| 000 | 00365nam a2200133Ia 4500 | ||
|---|---|---|---|
| 005 | 20251222143238.0 | ||
| 008 | 251222s9999||||xx |||||||||||||| ||spa|| | ||
| 020 | _a978-9972-722-09-7 | ||
| 082 | _a341.48/M93 | ||
| 100 | _aMujica Petit, Javier | ||
| 245 | 0 | _aIntegración, Comercio y Derechos Humanos | |
| 264 | _bCentro peruano de Estudios Sociales | ||
| 942 | _cLIB | ||
| 999 |
_c14480 _d14480 |
||